000 00284nam a22001217a 4500
008 230607b xxu||||| |||| 00| 0 eng d
020 _a1857433661
082 _270
_a920
_bINT
100 _cRobrert J. Elster
245 _aThe International Who's Who
300 _a2340p
942 _2ddc
_cBK
999 _c801
_d801